00702nam a2200181 a 4500003000200000005001700002008004100019050003200060100002800092245009700120260009000217300004600307504004100353650003600394650004000430650002100470650002900491020250522102609.0030519s19uu xx 00 eng d aPHS HQ 799.2.D38b.A45 2003 aAlimagno, Maria Aliw A. aFashion trends :battractive and/or unattractive to young adults? /cMaria Aliw A. Alimagno. aLas Piñas City, Philippines :bSouthville International School and Colleges,c2003. a40 pages :bcolor illustrations ;c28 cm. aIncludes bibliographical references. aFashionxPsychological aspects. aClothing and dressxSocial aspects. aYouthxClothing. aFashionxSocial aspects.